Computer simulation of spark-ignition engine processes (Record no. 19262)

MARC details
000 -LEADER
fixed length control field 00480nam a2200169Ia 4500
008 - FIXED-LENGTH DATA ELEMENTS--GENERAL INFORMATION
fixed length control field 230917s9999||||xx |||||||||||||| ||und||
020 ## - ISBN
Price RS395
040 ## - CATALOGING SOURCE
-- 234953
Original cataloging agency VIVEKANANDA LIBRARY
041 ## - Language
-- English
082 ## - DDC NUMBER
Classification number 629.25040113 G154C
100 ## - MAIN ENTRY--PERSONAL NAME
Personal name Ganesan, V
245 #0 - TITLE STATEMENT
Title Computer simulation of spark-ignition engine processes
260 ## - PUBLICATION, DISTRIBUTION, ETC. (IMPRINT)
Place of publication, distribution, etc Hyderabad
Name of publisher, distributor, etc Universities Press
Date of publication, distribution, etc 2013
300 ## - PHYSICAL DESCRIPTION
Pages xvi, 231 p.
500 ## - GENERAL NOTE
General note 2395 30/09/2016 HBD16/6692 07/10/2016 UIET (SFS)
942 ## - ADDED ENTRY ELEMENTS (KOHA)
Koha item type Books
Holdings
Withdrawn status Lost status Damaged status Not for loan Location (home branch) Sublocation or collection (holding branch) Shelving location Date acquired Koha issues (times borrowed) Koha full call number Accession No. Koha date last seen Koha item type
        VIVEKANANDA LIBRARY VIVEKANANDA LIBRARY UIET Library 02/11/2016   629.25040113 G154C 358856 17/09/2023 Books
        VIVEKANANDA LIBRARY VIVEKANANDA LIBRARY UIET Library 02/11/2016   629.25040113 G154C 358857 17/09/2023 Books
        VIVEKANANDA LIBRARY VIVEKANANDA LIBRARY UIET Library 02/11/2016   629.25040113 G154C 358858 17/09/2023 Books
        VIVEKANANDA LIBRARY VIVEKANANDA LIBRARY UIET Library 02/11/2016   629.25040113 G154C 358859 17/09/2023 Books
        VIVEKANANDA LIBRARY VIVEKANANDA LIBRARY UIET Library 02/11/2016   629.25040113 G154C 358860 17/09/2023 Books
© Designed and Maintained by Vivekananda Library, MDU Rohtak